00992nas a2200241Ia 4500001001100000003000900011008004100020040001300061040001300074041001300087100003800100210001400138222001400152245008300166250001100249260005000260501008600310300001000396310001200406362003400418500026200452650003600714R007/H6592IT-RoPAU151124c99999999xx |||||||||||| ||und|| aIT-RoPAU cIT-RoPAU aITALIANO aAA.VV. gCodice Aut. SPICS: 12000 aCINEFORUM aCineforum aCINEFORUM, ANNO 46-N.455 (GIUGNO 2006)bCineforum, Anno 46-N.455 (Giugno 2006) a1a ed. aBERGAMObFEDERAZIONE ITALIANA CINEFORUMc2006 bPaulus - SPICS - Società San Paolo EM (non-commercial uses only)cCopyright2015 a96 p. aMENSILE aANNO 046, N.455 (GIUGNO 2006) aCannes 2006, Festival in Minore di B. Fornara. Bellocchio Fantasma Libertà: il Regista di Matrimoni, Italia Manzoniana Morti e David di A.G. Mancino; Fuga Sonnambulo di R. Chiesi; Via Dalla Pazza Folla di P.M. Bocchi. Schede, Trame e Recensioni di Alcuni  aCINEMAvPUBBLICAZIONE PERIODICA